00465cam a2200169ua 4500001000400000008003900004020001900043040000900062082001100071245007200082250000900154260002900163300002600192653002300218653002700241700002700268798110420n ii |||gr||||Z||||||eng a978-203-3246-1 cMAIN a342.541 aIntroduction to the Constitution of India.cBy Brij Kishore Sharma. a4th. aNew Delhi.:bPHI,c2007. axxvi, 398 p.:c20 cm. aPolitical science. aConstitution of India.1 aSharma, Brij Kishore.,